Analýza platforiem na tvorbu chatbotov bakalárska práca

Enregistré dans:
Détails bibliographiques
Auteur principal: Bojkovská, Katarína
Collectivité auteur: Fakulta hospodárskej informatiky EU. Katedra aplikovanej informatiky
Autres auteurs: Horniaková, Veronika, 1990-
Format: Livre
Langue:slovaque
Publié: Bratislava 2024
Tags: Ajouter un tag
Pas de tags, Soyez le premier à ajouter un tag!

MARC

LEADER 00000nbm a2200000 4500
001 0302591
005 20250124105636.2
041 0 |a slo 
044 |a SK 
245 1 0 |a Analýza platforiem na tvorbu chatbotov  |b bakalárska práca  |c Katarína Bojkovská ; školiteľ: Veronika Horniaková 
264 1 |a Bratislava  |c 2024 
300 |a 61 s. 
100 1 |a Bojkovská, Katarína 
700 1 |a Horniaková, Veronika, 1990- 
710 2 |a Fakulta hospodárskej informatiky EU. Katedra aplikovanej informatiky